[Event "BCF-chT 97/98 (4NCL)"]
[Site "GBR"]
[Date "1998.01.24"]
[Round "5"]
[White "Arakhamia, Ketevan"]
[Black "Speelman, Jonathan S"]
[Result "0-1"]
[WhiteElo "2440"]
[BlackElo "2605"]

1.e4 c6 2.d4 d5 3.Nd2 dxe4 4.Nxe4 Nd7 5.Ng5 Ngf6 6.Bd3 e6 7.Qe2 Bd6 8.N1f3 h6
9.Ne4 Nxe4 10.Qxe4 Qc7 11.Qg4 Kf8 12.O-O b6 13.Qh4 Bb7 14.Re1 Re8 15.Bd2 c5
16.Be4 Bxe4 17.Rxe4 Nf6 18.Re2 c4 19.Ne5 Bxe5 20.dxe5 Nd5 21.a4 Rc8 22.Ra3 Qd8
23.Qd4 a6 24.h4 Kg8 25.h5 Ne7 26.Qxd8+ Rxd8 27.Bb4 Nd5 28.Bd6 c3 29.bxc3 Rc8
30.Re4 Nxc3 31.Rg4 Kh7 32.Kf1 Rhd8 33.Rb3 Rc6 34.Ke1 Rdc8 35.Ba3 b5 36.a5 Rc4
37.Rxc4 Rxc4 38.Bd6 Nd5 39.Kd2 Rf4 40.f3 g6 41.hxg6+ fxg6 42.Bc5 Rc4 43.Bb6 h5
44.Rb1 g5 45.Re1 Kg6 46.Re4 Kf5 47.Rxc4 bxc4 48.Bd4 g4 49.fxg4+ Kxg4 50.Ke2 Kg3
51.Kf1 Nf4  0-1

[Event "BCF-chT 97/98 (4NCL)"]
[Site "GBR"]
[Date "1998.01.25"]
[Round "6"]
[White "Cummings, David H"]
[Black "Speelman, Jonathan S"]
[Result "0-1"]
[WhiteElo "2365"]
[BlackElo "2605"]

1.Nf3 b6 2.g3 Bb7 3.Bg2 g6 4.O-O Bg7 5.c4 c5 6.Nc3 Nf6 7.Re1 Ne4 8.Qc2 Nxc3
9.dxc3 d6 10.Bg5 Nd7 11.Rad1 Qc7 12.e4 h6 13.Bc1 g5 14.Qe2 Bf6 15.Nd2 h5
16.Nf1 O-O-O 17.Ne3 e6 18.f4 gxf4 19.gxf4 Bh4 20.Rf1 Rdg8 21.Kh1 Nf6 22.e5 dxe5
23.fxe5 Ne4 24.Nd5 exd5 25.cxd5 Nf2+ 26.Rxf2 Bxf2 27.Qxf2 Qxe5 28.c4 Re8
29.Bf4 Qf5 30.Qf3 Rhg8 31.Bh3 Rg4 32.Rg1 Qe4 33.Bxg4+ hxg4 34.Qxe4 Rxe4 35.Rxg4 Rxc4
36.Rg8+ Kd7 37.Be5 Bxd5+ 38.Kg1 Re4 39.Bg3 Re2 40.a4 Rxb2 41.a5 c4 42.Be5 Re2
43.Bd4 Rd2  0-1

[Event "Calcutta Goodricke op"]
[Site "Calcutta"]
[Date "1998.02.07"]
[Round "2"]
[White "Shankar, Roy"]
[Black "Speelman, Jonathan S"]
[Result "0-1"]
[WhiteElo "2400"]
[BlackElo "2605"]

1.e4 c6 2.d4 d5 3.Nd2 dxe4 4.Nxe4 Nd7 5.Ng5 Ngf6 6.Bd3 e6 7.N1f3 Bd6 8.Qe2 h6
9.Ne4 Nxe4 10.Qxe4 Qc7 11.Qg4 Kf8 12.O-O c5 13.c3 b6 14.Bd2 Bb7 15.Rfe1 Re8
16.Rad1 c4 17.Bc2 Bd5 18.Ba4 b5 19.Bc2 g5 20.Qh3 Kg7 21.Ne5 Nxe5 22.dxe5 Bxe5
23.Qh5 Bf6 24.Be3 Rd8 25.Bd4 Bxd4 26.Rxd4 e5 27.Rd2 Bf3 28.Qxf3 Rxd2 29.Qf5 Qd6
30.h4 Qf6  0-1

[Event "Calcutta Goodricke op"]
[Site "Calcutta"]
[Date "1998.02.09"]
[Round "4"]
[White "Neelakantan, Narayanan"]
[Black "Speelman, Jonathan S"]
[Result "0-1"]
[WhiteElo "2240"]
[BlackElo "2605"]

1.e4 e6 2.d4 d5 3.Nc3 Nf6 4.Bg5 dxe4 5.Nxe4 Be7 6.Bxf6 gxf6 7.Nf3 b6 8.Bc4 Bb7
9.Qe2 c6 10.O-O-O Qc7 11.Rhe1 Nd7 12.Kb1 O-O-O 13.Ba6 b5 14.Bxb7+ Kxb7 15.c4 bxc4
16.Qxc4 Nb6 17.Qb3 Ka8 18.Rc1 Rb8 19.Qc2 Rhc8 20.Re3 Nd5 21.Rb3 Nb4 22.Qc4 Qa5
23.a3 Qf5 24.Nd2 Nd5 25.Rxb8+ Kxb8 26.Ka1 Nb6 27.Qb3 h5 28.Nc4 Qd5 29.Qg3+ Rc7
30.Nxb6 axb6 31.Nc3 Qg5 32.Qe3 Qxg2 33.d5 Bc5 34.Qf4 Qxf2 35.Qxf2 Bxf2 36.d6 Rd7
37.Ne4 Bd4 38.Rxc6 Kb7 39.Rc2 f5 40.Ng5 Be5 41.h4 Bxd6 42.Rd2 Kc7 43.Rc2+ Kd8  0-1

[Event "Calcutta Goodricke op"]
[Site "Calcutta"]
[Date "1998.02.10"]
[Round "5"]
[White "Speelman, Jonathan S"]
[Black "Nenashev, Alexander"]
[Result "1/2-1/2"]
[WhiteElo "2605"]
[BlackElo "2625"]

1.d4 Nf6 2.Bg5 e6 3.e3 h6 4.Bh4 b6 5.Nf3 Bb7 6.Nbd2 Be7 7.c3 d6 8.h3 Nbd7
9.Bg3 O-O 10.Bd3 Re8 11.O-O Bf8 12.Re1 d5 13.e4 dxe4 14.Nxe4 Nxe4 15.Bxe4 Qc8
16.Ne5  1/2-1/2

[Event "Calcutta Goodricke op"]
[Site "Calcutta"]
[Date "1998.02.14"]
[Round "9"]
[White "Speelman, Jonathan S"]
[Black "Ranola, Yves"]
[Result "1/2-1/2"]
[WhiteElo "2605"]
[BlackElo "2340"]

1.d4 g6 2.e4 Bg7 3.Nc3 c6 4.Be3 d5 5.f3 dxe4 6.fxe4 Nf6 7.Nf3 O-O 8.h3 b5
9.Bd3 Bb7 10.a3 a5 11.e5 Nd5 12.Nxd5 Qxd5 13.Qe2 c5 14.dxc5 Nc6 15.O-O Nxe5
16.Nxe5 Qxe5 17.c3 Bc6 18.Rae1 Rab8 19.Bd4 Qxe2 20.Rxe2 Rfd8 21.Rxe7 Bxd4+
22.cxd4 Rxd4 23.Rfxf7 Rxd3 24.Rg7+ Kf8 25.Ref7+ Ke8 26.Rxh7 Rbd8 27.Re7+ Kf8
28.Rhf7+ Kg8 29.Rg7+ Kf8 30.Ref7+ Ke8 31.Rf6 Be4 32.c6 Rd2 33.Re6+ Kf8 34.Rd7 R2xd7
35.cxd7 Bf5 36.Rb6 Rxd7 37.Rxb5 a4 38.g4 Bc2 39.Kf2 Bb3 40.Ke3 Rf7 41.h4 Kg7
42.Rb6 Bd1 43.h5 gxh5 44.gxh5 Bxh5 45.b3 Rf3+ 46.Kd4 axb3 47.a4 Bf7 48.a5 Rf2
49.a6 Ra2 50.Kc5 Rc2+ 51.Kd6 Kf6 52.a7 Ra2 53.Kc7+ Ke7 54.Kb8 Bd5 55.Rxb3 Kd7
56.Rb7+ Bxb7 57.Kxb7 Rb2+ 58.Ka8  1/2-1/2

[Event "Masters"]
[Site "Bunratty"]
[Date "1998.02.21"]
[Round "1"]
[White "Joyce, John"]
[Black "Speelman, Jonathan S"]
[Result "0-1"]
[WhiteElo "2180"]
[BlackElo "2605"]

1.d4 e6 2.c4 b6 3.e4 Bb7 4.Bd3 Bb4+ 5.Kf1 Nc6 6.Nf3 Be7 7.a3 d6 8.d5 Ne5
9.Nxe5 dxe5 10.Be3 Nf6 11.Nc3 O-O 12.dxe6 fxe6 13.Bc2 Qe8 14.Kg1 Rd8 15.Qe1 Ng4
16.h4 Rd7 17.Rd1 Qd8 18.Rxd7 Qxd7 19.Qd1 Qxd1+ 20.Nxd1 Rd8 21.Kf1 Bxe4 22.Bb3 Rd3  0-1

[Event "Masters"]
[Site "Bunratty"]
[Date "1998.02.21"]
[Round "2"]
[White "Speelman, Jonathan S"]
[Black "O'Cinneide, Mel"]
[Result "1-0"]
[WhiteElo "2605"]
[BlackElo "2285"]

1.Nf3 d5 2.g3 Nf6 3.Bg2 Bf5 4.O-O e6 5.d3 h6 6.c4 c6 7.Qb3 Qb6 8.Be3 Qxb3
9.axb3 a6 10.Nd4 Bg6 11.Bd2 Nbd7 12.b4 Rc8 13.Na3 Be7 14.Rfc1 O-O 15.Nb3 dxc4
16.Nxc4 Nd5 17.Nca5 Rc7 18.Bxd5 exd5 19.Bf4 Rcc8 20.Nxb7 Bxb4 21.f3 c5 22.Bd6 Rfe8
23.Kf2 Rc6 24.Bxc5 Nxc5 25.N7xc5 a5 26.d4 Rb6 27.Ra2 Re7 28.Rca1 f6 29.Nxa5 Bxa5
30.Rxa5 Rxb2 31.Re1 Bf5 32.Ra3 Kf7 33.Re3 Ra7 34.Rd1 Raa2 35.g4 Bg6 36.h4 h5
37.gxh5 Bf5 38.Nd3 Bxd3 39.Rdxd3 Rb4 40.Rb3 Rxd4 41.Rb7+ Kg8 42.h6 gxh6  1-0

[Event "Masters"]
[Site "Bunratty"]
[Date "1998.02.22"]
[Round "3"]
[White "McShane, Luke J"]
[Black "Speelman, Jonathan S"]
[Result "0-1"]
[WhiteElo "2490"]
[BlackElo "2605"]

1.e4 c6 2.d4 d5 3.Nd2 dxe4 4.Nxe4 Nd7 5.Bd3 Ndf6 6.Ng5 Bg4 7.Be2 Bxe2 8.Nxe2 e6
9.O-O Bd6 10.c4 Ne7 11.Qb3 h6 12.Nf3 Qb8 13.Bd2 O-O 14.Bb4 Rd8 15.Rad1 Bxb4
16.Qxb4 Qc7 17.Ng3 Rd6 18.Rd3 c5 19.Qb3 cxd4 20.Rxd4 Rxd4 21.Nxd4 a6 22.Qb4 Rd8
23.Nf3 Rd3 24.b3 Ng6 25.Qe1 Qc6 26.Ne5 Nxe5 27.Qxe5 Rd2 28.Ra1 Ng4 29.Qb8+ Kh7
30.Qf4 Rxf2 31.Qe4+ Qxe4 32.Nxe4 Rc2 33.Re1 b6 34.Nd6 f6 35.a4 Ne5 36.h3 Nd3
37.Rxe6 Nf4 38.Re4 Rxg2+ 39.Kf1 Rd2 40.Nc8 Nxh3 41.Nxb6 f5 42.Re3 Ng5 43.c5 f4
44.Re2 Rd1+ 45.Re1 Rxe1+ 46.Kxe1 Ne6 47.b4 a5 48.c6 axb4 49.Nd5 b3 50.Kd2 f3
51.Kc3 f2 52.Ne3 g5 53.Kxb3 g4 54.Nf1 h5 55.Kc4 h4 56.Kd3 g3 57.Ke3 Kg6 58.a5 Kf5
59.a6 Kg4 60.a7 Nc7 61.Ke2 h3 62.Ne3+ Kf4 63.Nd5+ Ke4 64.Nf6+ Kf5 65.Nh5 Kg4
66.Nf6+ Kh4 67.Nd5 h2 68.Nxc7 f1=Q+  0-1

[Event "Masters"]
[Site "Bunratty"]
[Date "1998.02.23"]
[Round "5"]
[White "Nunn, John DM"]
[Black "Speelman, Jonathan S"]
[Result "1/2-1/2"]
[WhiteElo "2610"]
[BlackElo "2605"]

1.e4 c6 2.d4 d5 3.e5 Bf5 4.Nf3 e6 5.Be2 Nd7 6.O-O a6 7.b3 c5 8.Nbd2 cxd4
9.Nxd4 Bg6 10.Bb2 Bc5 11.a3 Ne7 12.b4 Ba7 13.c4 dxc4 14.Nxc4 O-O 15.Bf3 Nd5
16.Re1 N7b6 17.Nd6 Qd7 18.Qb3 Rad8 19.Rad1 Bb8 20.h4 h6 21.h5 Bh7 22.Ne4 Na4
23.Ba1 Rc8 24.Nd6 Bxd6 25.Bxd5 Bxb4 26.Bxe6 fxe6 27.axb4 a5 28.Qxe6+ Qxe6
29.Nxe6 Rfe8 30.Nf4 Rc4 31.Ng6 axb4 32.Rd7 Bxg6 33.hxg6 Rg4 34.Rxb7 Nc5 35.Rb6 Ne6
36.f3 Rxg6 37.Rxb4 Rf8 38.Rb6 Kh7 39.Rd1 Rc8 40.Rbd6 h5 41.Bd4  1/2-1/2

[Event "Masters"]
[Site "Bunratty"]
[Date "1998.02.23"]
[Round "6"]
[White "Baburin, Alexander"]
[Black "Speelman, Jonathan S"]
[Result "1/2-1/2"]
[WhiteElo "2600"]
[BlackElo "2605"]

1.d4 e6 2.c4 b6 3.a3 Bb7 4.Nc3 Nf6 5.d5 Bd6 6.Nf3 O-O 7.e4 exd5 8.exd5 Re8+
9.Be2 Na6 10.O-O c6 11.Bg5 h6 12.Bh4 Nc7 13.dxc6 dxc6 14.Qc2 c5 15.Rae1 g5
16.Bg3 Bxg3 17.hxg3 Ne4 18.Bd3 Nxc3 19.Qxc3 Bxf3 20.gxf3 Ne6 21.Be4 Rb8 22.Bc6 Rf8
23.Bd5 Nd4 24.Re3 Qf6 25.Rfe1 Kg7 26.Kg2 b5 27.cxb5 Rfd8 28.Re5 Rxb5 29.Bc4 Rb7
30.Rxc5 Nc6 31.Re3 Rdd7  1/2-1/2

[Event "BCF-chT 97/98 (4NCL)"]
[Site "GBR"]
[Date "1998.03.21"]
[Round "7"]
[White "Speelman, Jonathan S"]
[Black "Littlewood, John Eric"]
[Result "1/2-1/2"]
[WhiteElo "2605"]
[BlackElo "2290"]

1.Nf3 Nf6 2.c4 g6 3.Nc3 Bg7 4.d4 d5 5.e3 O-O 6.a3 c5 7.dxc5 Ne4 8.Nxe4 dxe4
9.Nd2 Na6 10.Nb3 Qxd1+ 11.Kxd1 Bd7 12.a4 Bg4+ 13.Be2 Rfd8+ 14.Bd2 Rd3 15.Nc1 Bxb2
16.Nxd3 Bxe2+ 17.Kxe2 exd3+ 18.Kxd3 Bxa1 19.Rxa1 Nxc5+ 20.Kc2 Rc8 21.Bb4 Nd7
22.Bxe7 Rxc4+ 23.Kb3 Re4 24.Ba3 Ne5 25.Rd1 Nc6 26.Bb2 f5 27.Rd7 Re7 28.Rd5 Kf7
29.Ba3 Rc7 30.h4 Ke6 31.Rd6+ Ke5 32.Rd2 Na5+ 33.Kb4 Nc4 34.Bb2+ Nxb2 35.Rxb2 f4  1/2-1/2

[Event "BCF-chT 97/98 (4NCL)"]
[Site "GBR"]
[Date "1998.05.23"]
[Round "9"]
[White "Speelman, Jonathan S"]
[Black "Beaumont, Chris"]
[Result "1-0"]
[WhiteElo "2605"]
[BlackElo "2335"]

1.d4 Nf6 2.Nf3 g6 3.Bg5 Bg7 4.Nbd2 d5 5.e3 O-O 6.Be2 Nbd7 7.O-O Re8 8.c4 h6
9.Bh4 e5 10.Rc1 exd4 11.Nxd4 Ne5 12.cxd5 Qxd5 13.Nb5 Qxa2 14.Nxc7 Be6 15.Bxf6 Bxf6
16.Ne4 Bg7 17.Nxa8 Rxa8 18.Nc5 Bd5 19.Ra1 Qxb2 20.Qxd5 Qxe2 21.Qxb7 Rd8 22.Nb3  1-0

[Event "BCF-chT 97/98 (4NCL)"]
[Site "GBR"]
[Date "1998.05.24"]
[Round "10"]
[White "McShane, Luke J"]
[Black "Speelman, Jonathan S"]
[Result "0-1"]
[WhiteElo "2490"]
[BlackElo "2605"]

1.e4 e6 2.d4 d5 3.Nd2 dxe4 4.Nxe4 Nd7 5.Nf3 Ngf6 6.Nxf6+ Nxf6 7.Bd3 c5 8.O-O cxd4
9.Nxd4 Bc5 10.c3 Bxd4 11.cxd4 Bd7 12.Bf4 Bc6 13.Be5 O-O 14.Rc1 Qd5 15.f3 Nd7
16.Bc4 Qa5 17.Bd6 Rfc8 18.Qe2 Bd5 19.Bb5 Qd8 20.b3 a6 21.Bd3 Qb6 22.Ba3 Qxd4+
23.Kh1 Nf8 24.Qd2 Ng6 25.Rxc8+ Rxc8 26.Rc1 Rd8 27.Bb2 Qb6 28.Qc3 f6 29.Qc2 e5
30.Bxg6 hxg6 31.Qxg6 Qf2 32.Ba3 e4 33.fxe4 Bc6 34.Qg4 Re8 35.e5 Rxe5 36.Qc4+ Kh8
37.Qf1 Qxa2 38.Ra1 Bxg2+ 39.Kg1 Qxa3  0-1

[Event "BCF-chT 97/98 (4NCL)"]
[Site "GBR"]
[Date "1998.05.25"]
[Round "11"]
[White "Hodgson, Julian M"]
[Black "Speelman, Jonathan S"]
[Result "1/2-1/2"]
[WhiteElo "2575"]
[BlackElo "2605"]

1.b3 e5 2.Bb2 Nc6 3.e3 Nf6 4.Bb5 Bd6 5.Na3 Na5 6.Nf3 a6 7.Be2 Qe7 8.Nb1 O-O
9.c4 b6 10.Nc3 Bb7 11.O-O Rfe8 12.d3 Ba3 13.Qc1 Bxb2  1/2-1/2

[Event "BCF-ch"]
[Site "Torquay"]
[Date "1998.07.30"]
[Round "4"]
[White "Speelman, Jonathan S"]
[Black "Ledger, Andrew"]
[Result "1-0"]
[WhiteElo "2605"]
[BlackElo "2460"]

1.Nf3 d5 2.c4 c6 3.e3 Nf6 4.Nc3 g6 5.Be2 Bg7 6.O-O O-O 7.d4 Nbd7 8.h3 b6
9.b4 Bb7 10.Rb1 a5 11.cxd5 cxd5 12.bxa5 Rxa5 13.a4 Ne4 14.Bd2 Nxd2 15.Qxd2 e5
16.Bb5 exd4 17.Nxd4 Nc5 18.Nc6 Bxc6 19.Bxc6 d4 20.Rfd1 Ne6 21.Nb5 dxe3 22.Qxe3 Qh4
23.Nd6 Re5 24.Qxb6 Re2 25.g3 Qxh3 26.Bg2 Qg4 27.Rb4 Qh5 28.Rh4 Rb2 29.Rxh5 Rxb6
30.Rhd5 Ra6 31.a5 Nc7 32.Bf1 Raa8 33.Rc5 Ne6 34.Rb5 Rfd8 35.Rbd5 Nd4 36.Rd3 Nc6
37.Nc4 Rxd5 38.Rxd5 Bc3 39.Rd3 Bb4 40.Bg2 Ra6 41.Rb3 Be7 42.Rb5 Kg7 43.Bd5 h5
44.Kg2 Kf8 45.f4 Kg7 46.Kh3 Kf8 47.Bxc6 Rxc6 48.Ne5 Rc3 49.a6 Ra3 50.Nc6 Rxa6
51.Rb8+ Kg7 52.Nxe7 Ra7 53.Rg8+ Kh7 54.Re8 Kg7 55.Nc6 Rc7 56.Ne5 Ra7 57.Rd8 Ra6
58.Rd7 Rf6 59.Rc7 Rf5 60.Nd7 Kg8 61.Rc5  1-0

[Event "BCF-ch"]
[Site "Torquay"]
[Date "1998.08.01"]
[Round "6"]
[White "Speelman, Jonathan S"]
[Black "Sadler, Matthew"]
[Result "1/2-1/2"]
[WhiteElo "2605"]
[BlackElo "2650"]

1.Nf3 d5 2.g3 c6 3.Bg2 Nf6 4.d3 Bf5 5.Nh4 Bg4 6.h3 Bh5 7.g4 Bg6 8.c3 e5 9.Qb3 Qc7
10.c4 d4 11.O-O Nbd7 12.f4 Nc5 13.Qd1 exf4 14.Bxf4 Bd6 15.Bxd6 Qxd6 16.b4 Ne6
17.Nd2 Nf4 18.Rf3 Nxg2 19.c5 Qe7 20.Nxg2 h5 21.g5 Nd5 22.Nc4 O-O 23.Qd2 b5
24.Na5 Qe6 25.Re1 Rad8  1/2-1/2

[Event "BCF-ch"]
[Site "Torquay"]
[Date "1998.08.03"]
[Round "7"]
[White "Gormally, Daniel"]
[Black "Speelman, Jonathan S"]
[Result "0-1"]
[WhiteElo "2415"]
[BlackElo "2605"]

1.d4 e6 2.c4 b6 3.a3 Bb7 4.Nc3 f5 5.d5 Nf6 6.Nf3 Be7 7.g3 Ne4 8.Bd2 O-O 9.Bg2 Bf6
10.Rc1 c6 11.dxe6 dxe6 12.O-O c5 13.Qc2 Nxd2 14.Nxd2 Bxg2 15.Kxg2 Nc6 16.Nf3 Qe7
17.Rfd1 g5 18.e3 g4 19.Ne1 Ne5 20.Ne2 Nf7 21.Nf4 Ng5 22.h3 gxh3+ 23.Nxh3 Qb7+
24.f3 Nxh3 25.Kxh3 Kh8 26.Qf2 Rg8 27.Nd3 e5 28.Rh1 Rg7 29.Kg2 Rag8 30.Rh3 Rd8
31.Ne1 f4  0-1

[Event "BCF-ch"]
[Site "Torquay"]
[Date "1998.08.04"]
[Round "8"]
[White "Speelman, Jonathan S"]
[Black "Rowson, Jonathan"]
[Result "1-0"]
[WhiteElo "2605"]
[BlackElo "2485"]

1.Nf3 Nf6 2.d4 g6 3.Bg5 Bg7 4.Nbd2 O-O 5.e3 d6 6.Bc4 Nbd7 7.O-O h6 8.Bh4 b6
9.e4 e5 10.dxe5 dxe5 11.Qe2 Bb7 12.Ba6 Qc8 13.Bxb7 Qxb7 14.Rfe1 Rfe8 15.a4 Re6
16.Bxf6 Nxf6 17.Nc4 Rae8 18.b4 Bf8 19.c3 c6 20.g3 Qc7 21.Kg2 b5 22.Ncd2 a6
23.Nb3 Nd7 24.Rec1 Nb6 25.axb5 axb5 26.Ne1 Rd8 27.Nd3 Ree8 28.Ra6 Ra8 29.Rca1 Na4
30.Rxa8 Rxa8 31.Qe3 Rd8 32.Ndc5 Nxc5 33.Nxc5 Bxc5 34.Qxc5 Qd6 35.Qb6 Qf6
36.Qe3 Kg7 37.Ra7 h5 38.h4 Qd6 39.Qg5 Re8 40.Qe3 Rd8 41.Qg5 Re8 42.g4 Qd8
43.gxh5 Qxg5+ 44.hxg5 gxh5 45.Rc7 Re6 46.Kg3 Kg6 47.f3 f6 48.gxf6 Kxf6 49.Kh4 Kg6
50.Rd7 Rf6 51.Kg3 Re6 52.Rd8 Kg7 53.Rc8 Kg6 54.Rg8+ Kh6 55.Rf8 Rg6+ 56.Kh4 Rd6
57.Rf5 Rd3 58.Rxh5+ Kg7 59.Rxe5 Rxc3 60.Kg4 Rc4 61.Re6 Kf7 62.Kf5 Rxb4 63.Rxc6 Ke7
64.e5 Kd7 65.Rc5 Rb1 66.f4 b4 67.e6+ Kd6 68.Re5 Ke7 69.Rd5 Rh1 70.Rd7+ Ke8
71.Rb7 Rh5+ 72.Kf6 Rh6+ 73.Ke5  1-0

[Event "BCF-ch"]
[Site "Torquay"]
[Date "1998.08.05"]
[Round "9"]
[White "Speelman, Jonathan S"]
[Black "Short, Nigel D"]
[Result "0-1"]
[WhiteElo "2605"]
[BlackElo "2660"]

1.Nf3 d5 2.g3 Bg4 3.Bg2 Nd7 4.d4 e6 5.O-O Ngf6 6.c4 c6 7.Qb3 Qb6 8.Nc3 Be7
9.Re1 O-O 10.Qxb6 axb6 11.cxd5 exd5 12.e4 dxe4 13.Ne5 Nxe5 14.dxe5 Nd5 15.Bd2 Nxc3
16.Bxc3 Bf3 17.a3 b5 18.Rac1 Rfd8 19.h4 Rd3 20.Bxf3 exf3 21.e6 Rad8 22.exf7+ Kxf7
23.Bxg7 Bxh4 24.gxh4 Rg8 25.Re4 Rxg7+ 26.Kf1 Kg6 27.a4 bxa4 28.Rxa4 Re7 29.Rb4 Kf5
30.Kg1 Rg7+ 31.Kh2 Rd2 32.Rc5+ Ke6 33.Rg5 Rxf2+ 34.Kg3 Rg2+ 35.Kxf3 R2xg5
36.hxg5 Kf5 37.Rb6 Kxg5 38.b4 Kf5 39.b5 c5 40.Rd6 Ke5 41.Rd8 Rg6 42.Rd7 Rb6
43.Ke3 Rxb5 44.Kd3 Rb4 45.Rxh7 Rd4+ 46.Kc3 b5 47.Rh8 Rf4 48.Rb8 Rf3+ 49.Kb2 b4
50.Rd8 Ke4 51.Kc2 Rc3+ 52.Kd2 Rc4 53.Re8+ Kd5 54.Rd8+ Kc6 55.Rc8+ Kb5  0-1

[Event "ESP-chT"]
[Site "Salamanca"]
[Date "1998.09.07"]
[Round "3"]
[White "Illescas Cordoba, Miguel"]
[Black "Speelman, Jonathan S"]
[Result "1-0"]
[WhiteElo "2605"]
[BlackElo "2600"]

1.d4 e6 2.e4 d5 3.Nc3 dxe4 4.Nxe4 Nd7 5.Nf3 Ngf6 6.Nxf6+ Nxf6 7.c3 c5 8.Be3 Qc7
9.Ne5 a6 10.Qa4+ Nd7 11.O-O-O Rb8 12.dxc5 Qxe5 13.Bf4 Qxc5 14.Bxb8 b5 15.Qa5 Qxf2
16.Qc7 Qc5 17.Be2 Be7 18.Qxc5 Bxc5 19.Bd6 Bxd6 20.Rxd6 Ke7 21.Rhd1 Ne5 22.a4 Bb7
23.Bf3 Bxf3 24.gxf3 Ra8 25.f4 Nc4 26.Rd7+ Kf6 27.Rd8 Rxd8 28.Rxd8 bxa4 29.Rd4 Nb6
30.c4 a3 31.bxa3 Na4  1-0

[Event "ESP-chT"]
[Site "Salamanca"]
[Date "1998.09.13"]
[Round "9"]
[White "Speelman, Jonathan S"]
[Black "Rodriguez Vargas, Orestes"]
[Result "0-1"]
[WhiteElo "2600"]
[BlackElo "2460"]

1.Nf3 d5 2.d4 Nf6 3.c4 e6 4.Nc3 Bb4 5.e3 O-O 6.Bd3 Nc6 7.O-O a6 8.h3 dxc4
9.Bxc4 Bd6 10.a3 e5 11.Qc2 Qe7 12.b4 Bd7 13.Bb2 Rae8 14.Rad1 e4 15.Nd2 Bf5
16.f3 exf3 17.Qxf5 Qxe3+ 18.Rf2 Nxd4 19.Qd3 Bh2+ 20.Kf1 Nh5 21.gxf3 Nf5 22.Nd5 Nhg3+
23.Kg2 Nh4+  0-1

[Event "Elista ol (Men)"]
[Site "Elista"]
[Date "1998.10.03"]
[Round "5"]
[White "Avrukh, Boris"]
[Black "Speelman, Jonathan S"]
[Result "1-0"]
[WhiteElo "2565"]
[BlackElo "2600"]

1.d4 e6 2.c4 b6 3.e4 Bb7 4.Bd3 Bb4+ 5.Bd2 Qe7 6.Ne2 Bxd2+ 7.Qxd2 Nh6 8.Nbc3 O-O
9.O-O d6 10.f4 Nd7 11.d5 e5 12.f5 f6 13.b4 Nf7 14.Bc2 Kh8 15.Ba4 a6 16.Rab1 Rg8
17.Rb2 Nf8 18.Qe3 a5 19.a3 axb4 20.axb4 g6 21.Ng3 Bc8 22.Bc6 Ra3 23.Qc1 gxf5
24.exf5 Ng5 25.Ba4 Bd7 26.b5 Be8 27.Re2 Rxc3 28.Qxc3 h5 29.Rf4 c6 30.dxc6 Qa7
31.Rf1 d5 32.Rxe5 Nfh7 33.Rxd5 h4 34.Ne2 h3 35.g3 Bf7 36.Rd4 Re8 37.Bd1 Ne4
38.Qb2 Nc5 39.Nf4 Qe7 40.Qe2  1-0

[Event "Elista ol (Men)"]
[Site "Elista"]
[Date "1998.10.09"]
[Round "10"]
[White "Bacrot, Etienne"]
[Black "Speelman, Jonathan S"]
[Result "0-1"]
[WhiteElo "2555"]
[BlackElo "2600"]

1.d4 g6 2.c4 Bg7 3.Nc3 c5 4.d5 f5 5.h4 Bxc3+ 6.bxc3 Nf6 7.h5 Rg8 8.hxg6 hxg6
9.Qc2 d6 10.Nf3 Nbd7 11.Bf4 Qa5 12.Ng5 Nb6 13.e3 Na4 14.Rc1 b5 15.Qd2 bxc4
16.f3 Rb8 17.e4 Rb2 18.Qe3 Nb6 19.Nh7 Nh5 20.Bxd6 exd6 21.Rxh5 gxh5 22.Nf6+ Kd8
23.Nxg8 Qxa2 24.exf5 Nxd5 25.Qe4 Rd2 26.f6 Qb2 27.Qb1 Be6 28.f7 Bxf7 29.Nh6 Be6  0-1

[Event "Elista ol (Men)"]
[Site "Elista"]
[Date "1998.10.10"]
[Round "11"]
[White "Seirawan, Yasser"]
[Black "Speelman, Jonathan S"]
[Result "1-0"]
[WhiteElo "2630"]
[BlackElo "2600"]

1.d4 g6 2.e4 Bg7 3.c4 d6 4.Nc3 Nc6 5.Be3 e5 6.d5 Nce7 7.g4 f5 8.f3 Nh6 9.Be2 Nf7
10.h4 Ng8 11.exf5 gxf5 12.Qd2 Nf6 13.gxf5 Bxf5 14.Nh3 e4 15.Ng5 Qe7 16.Nxf7 Kxf7
17.fxe4 Nxe4 18.Nxe4 Qxe4 19.O-O Rhg8 20.Bh5+ Kf8 21.Rxf5+ Qxf5 22.Bg5 Be5
23.Rf1 Qxf1+ 24.Kxf1 Kg7 25.Be7 Kh8 26.Qh6 Bg7 27.Qe6 Bxb2 28.Bf7 Rg3  1-0

[Event "Elista ol (Men)"]
[Site "Elista"]
[Date "1998.10.11"]
[Round "12"]
[White "Akopian, Vladimir"]
[Black "Speelman, Jonathan S"]
[Result "1/2-1/2"]
[WhiteElo "2655"]
[BlackElo "2600"]

1.Nf3 b6 2.e4 Bb7 3.Nc3 e6 4.d4 Bb4 5.Bd3 Nf6 6.e5 Ne4 7.O-O Nxc3 8.bxc3 Be7
9.Nd2 d6 10.Qg4 g6 11.Ne4 dxe5 12.dxe5 Nc6 13.Rd1 Qd5 14.Ba6 Nxe5 15.Rxd5 Nxg4
16.Bxb7 exd5 17.Bxa8 dxe4 18.Bc6+ Kf8 19.h3 Ne5 20.Bh6+ Kg8 21.Bxe4 Bf8 22.Bf4 Bd6
23.Bh6 Bf8 24.Bf4 Bd6  1/2-1/2

[Event "Elista ol (Men)"]
[Site "Elista"]
[Date "1998.10.12"]
[Round "13"]
[White "Speelman, Jonathan S"]
[Black "Markowski, Tomasz"]
[Result "1/2-1/2"]
[WhiteElo "2600"]
[BlackElo "2525"]

1.d4 Nf6 2.Nf3 g6 3.g3 Bg7 4.Bg2 O-O 5.O-O d6 6.Re1 Nbd7 7.e4 e5 8.c3 b6
9.a4 a6 10.Na3 Bb7 11.d5 Nc5 12.Nh4 Qd7 13.Nc4 a5 14.b3 b5 15.axb5 Qxb5 16.Nxa5 Rxa5
17.Rxa5 Qxa5 18.b4 Qb5 19.bxc5 Qxc5 20.Qc2 Ra8 21.Be3 Qc4 22.Rb1 Bc8 23.h3 Bf8
24.Rb4 Ra1+ 25.Kh2 Qa6 26.c4 c5 27.Rb2 Be7 28.Nf3 Kg7 29.Nd2 h5 30.Rb1 Ra3
31.Qb2 h4 32.gxh4 Nh5 33.Bf3 Ra2 34.Qc3 Bxh4 35.Bxh5 gxh5 36.Rg1+ Kf8 37.Bh6+ Ke7
38.Rg8 Ra3 39.Nb3 Ra2 40.Nd2 Ra3 41.Nb3 Ra2  1/2-1/2

[Event "Escaldes zt"]
[Site "Escaldes"]
[Date "1998.11.07"]
[Round "2"]
[White "Speelman, Jonathan S"]
[Black "Dias, Paulo"]
[Result "1-0"]
[WhiteElo "2600"]
[BlackElo "2295"]

1.d4 d5 2.Nf3 Nf6 3.c4 c6 4.Nc3 e6 5.e3 Nbd7 6.Qc2 a6 7.b3 Bd6 8.Be2 O-O
9.Bd2 b5 10.O-O Qe7 11.e4 Nxe4 12.Nxe4 dxe4 13.Qxe4 Bb7 14.c5 Bc7 15.Qc2 Nf6
16.Bd3 g6 17.a3 Nd5 18.Rfe1 Rae8 19.Bf1 f6 20.g3 Bc8 21.Bg2 Qf7 22.Re2 Kg7
23.b4 Kg8 24.Rae1 a5 25.Qb3 axb4 26.axb4 Kg7 27.Bc1 Re7 28.Bb2 Ree8 29.Nd2 Kg8
30.Nf1 Bd7 31.Ne3 Kh8 32.Bc1 Bb8 33.Bd2 Bc7 34.Qb2 Bb8 35.Qc1 Bc7 36.h4 Bb8
37.Nxd5 exd5 38.Bf4 Rxe2 39.Rxe2 Bg4 40.Re1 Qa7 41.Bd6 Bxd6 42.cxd6 Qd7 43.Qc5 Be6
44.Ra1 Qc8 45.Ra7 Bd7 46.Bxd5 cxd5 47.Qxc8 Bxc8 48.d7 Kg8 49.Kg2 Bxd7 50.Rxd7 Re8
51.Rxd5 Re4 52.Rxb5 Rxd4 53.Rb7 h5 54.Kf3 Rd2 55.b5 g5 56.b6 g4+ 57.Ke4 Rb2
58.Kf5 Rxf2+ 59.Kg6  1-0

[Event "Escaldes zt"]
[Site "Escaldes"]
[Date "1998.11.08"]
[Round "3"]
[White "Miralles, Gilles"]
[Black "Speelman, Jonathan S"]
[Result "0-1"]
[WhiteElo "2515"]
[BlackElo "2600"]

1.e4 c6 2.d4 d5 3.Nd2 dxe4 4.Nxe4 Bf5 5.Ng3 Bg6 6.Nf3 Nf6 7.h4 h6 8.Ne5 Bh7
9.Bc4 e6 10.Qe2 Nd5 11.Bxd5 cxd5 12.Qb5+ Nd7 13.Qxb7 Nxe5 14.dxe5 Rb8 15.Qa6 Qd7
16.O-O Be7 17.a4 Bxh4 18.Nh5 O-O 19.Ra3 Bg6 20.Qe2 Rfc8 21.Qg4 Rc4 22.f4 Be7
23.Rh3 Rxc2 24.f5 exf5 25.Qg3 Qc7 26.Qe1 Rb4 27.Nf4 Rxc1  0-1

[Event "Bundesliga 9899"]
[Site "Germany"]
[Date "1998.11.22"]
[Round "4.6"]
[White "Appel, Ralf"]
[Black "Speelman, Jonathan S"]
[Result "0-1"]
[WhiteElo "2495"]
[BlackElo "2605"]

1.Nf3 b6 2.g3 Bb7 3.Bg2 g6 4.O-O Bg7 5.d4 Nf6 6.c4 O-O 7.Qb3 e6 8.Re1 Qc8
9.Bf4 c5 10.Nbd2 cxd4 11.Nxd4 Bxg2 12.Kxg2 Nh5 13.Be3 f5 14.f3 Nc6 15.Nxc6 Qxc6
16.Nf1 f4 17.Bf2 fxg3 18.hxg3 g5 19.Rad1 g4 20.Nh2 Nf6 21.Bd4 Rac8 22.Bxf6 gxf3+
23.exf3 Rxf6 24.Ng4 Rf7 25.Rc1 Rcf8 26.Nh2 Rf5 27.Rc2 Rc5 28.Ree2 Qc7 29.Qd3 Rg5
30.Nf1 Be5 31.Qe3 Bf4 32.Qf2 Rf6 33.Re4 Rfg6 34.g4 h5 35.Qd4 Be5 36.Qd3 hxg4
37.f4 Bxf4 38.Rf2 Be5 39.Ne3 d6 40.Qf1 Qg7 41.c5 g3 42.Rf3 Qh6  0-1

[Event "Bundesliga 9899"]
[Site "Germany"]
[Date "1998.12.12"]
[Round "5.5"]
[White "Brynell, Stellan"]
[Black "Speelman, Jonathan S"]
[Result "1/2-1/2"]
[WhiteElo "2475"]
[BlackElo "2605"]

1.e4 c6 2.d4 d5 3.exd5 cxd5 4.c4 Nf6 5.Nc3 Nc6 6.Nf3 a6 7.Bg5 Be6 8.Be2 g6
9.Bxf6 exf6 10.O-O Bg7 11.c5 f5 12.Qd2 Qf6 13.Rfd1 f4 14.b4 O-O 15.Rab1 g5
16.b5 axb5 17.Bxb5 Bg4 18.Nxd5 Qd8 19.Bxc6 bxc6 20.Nb6 Ra7 21.a4 Qf6 22.d5 cxd5
23.Qxd5 h6 24.c6 Be6 25.Qc5 Qc3 26.Qxc3 Bxc3 27.Nd4 Bxd4 28.Rxd4 Rb8 29.f3 Rc7
30.Rd6 Re8 31.Rc1 Kf8 32.Nd5 Bxd5 33.Rxd5 Re2 34.Rd7 Rxd7 35.cxd7 Ke7 36.Rd1 Kd8
37.a5 Ra2 38.Rd5 Ra1+ 39.Kf2 Ra2+ 40.Kf1 Ra1+ 41.Ke2 Ra2+ 42.Kf1 Ra1+ 43.Ke2 Ra2+
44.Kd3 Rxg2 45.h3 Rf2 46.Ke4 Ra2 47.Kf5 Ra3 48.Kg4 f6 49.Rf5 h5+ 50.Kxh5 Rxf3
51.Rxf6 Rxh3+ 52.Kxg5 Kxd7 53.Kxf4  1/2-1/2

[Event "Bundesliga 9899"]
[Site "Germany"]
[Date "1998.12.13"]
[Round "6.6"]
[White "Borriss, Martin"]
[Black "Speelman, Jonathan S"]
[Result "1/2-1/2"]
[WhiteElo "2430"]
[BlackElo "2605"]

1.e4 c6 2.d4 d5 3.Nc3 dxe4 4.Nxe4 Bf5 5.Ng3 Bg6 6.h4 h6 7.Nf3 Nf6 8.Ne5 Bh7
9.Bc4 e6 10.Qe2 Nd5 11.Bb3 Nd7 12.Bd2 Nxe5 13.dxe5 a5 14.a4 Qb6 15.Rd1 Be7
16.Qg4 Rg8 17.O-O O-O-O 18.Ne4 Rd7 19.Qf3 Bxe4 20.Qxe4 Rgd8 21.g3 Bc5 22.Qe2 Ne7
23.Kg2 Nf5 24.Bc4 Qxb2 25.Bxa5 Rxd1 26.Rxd1 Rxd1 27.Qxd1 Bb6 28.Bxb6 Qxb6
29.Bd3 Qd4 30.Qe2 Kd7 31.Qe4 b6  1/2-1/2